00701 2200253 4500001002100000005001500021035002500036090002100061245004300082260003600125300002700161008004100188020001800229040001700247082001500264084001700279100002100296250002600317650001800343850001200361504003300373990002100406990002000427YOGYA00000000003761120210922083523 a0010-081400000037329 aDEP 004.21 MUN P10aPemodelan visual dengan UML /cMunawar aYogyakarta :bGraha Ilmu,c2005 axiv, 236 hlm. ;c23 cm130824s2005 yoia g ind d a979-756-069-1 aYOPDYOGbind04223a004.21 a004.21 MUN p0 aMunawarepenulis aCetakan pertama: 2005 4aIlmu komputer aYOPDYOG aBibliografi: halaman 235-236 aCB-D.11/2005-401 a68306-PD/A.2021